000 00967nam a22002177a 4500
005 20250407155530.0
008 250407b |||||||| |||| 00| 0 eng d
020 _a978-93-88658-05-8 (hbk)
037 _cTB
040 _aCRL
_cCRL
041 _2hin
_ahin
084 _aO152:g(X.1) Q9
_qCRL
245 _aबाज़ार के चक्रव्यूह में साहित्य
260 _aनयी दिल्ली, भारत:
_bनैशनल पेपरबैक्स,
_c2019.
300 _a159पृ0
365 _b500.00
_cINR
650 _aहिन्दी साहित्य
700 _aपाण्डेय, विवेक (संपापक)
942 _2CC
_cTB
_hO152:g(X.1) Q9
_n0
999 _c1308498
_d1308498